| 000 | 00000nas 2200000za 4500 |
| 001 | 9.504529 |
| 003 | CaOODSP |
| 005 | 20221107133416 |
| 007 | cr ||||||||||| |
| 008 | 150406d20012015xxcqr p o||||f0 |0eng|d |
| 040 | |aCaOODSP|beng |
| 043 | |an-cn-on |
| 086 | 1 |aNH12-37E-PDF |
| 245 | 10|aHousing now. |pThunder Bay and NWO |h[electronic resource]. |
| 246 | 13|aHousing now. |pThunder Bay. |
| 246 | 13|aHousing now. |pThunder Bay CMA |f4th quarter 2007--3rd quarter 2015 |
| 246 | 3 |aHousing now. |pThunder Bay and Northwestern Ontario |
| 260 | |a[Toronto] : |bCanada Mortgage and Housing Corporation, |c[2001]-2015. |
| 310 | |aQuarterly. |
| 362 | 1 |a[Volume 4, issue 4, fourth quarter 2001] --Third quarter, 2015. |
| 500 | |aTitle from caption. |
| 500 | |a"Your link to the housing market". |
| 690 | 07|aDemography|2gcpds |
| 690 | 07|aHousing|2gcpds |
| 690 | 07|aMortgage loans|2gcpds |
| 690 | 07|aPrices|2gcpds |
| 710 | 2 |aCanada Mortgage and Housing Corporation. |
| 775 | 08|tActualités habitation. |w(CaOODSP)9.500944 |
| 785 | 00|tHousing now tables. |w(CaOODSP)9.806997 |
| 986 | |a65583 |